[Event "chess.com Speed 2021"]
[Site "chess.com INT"]
[Date "2021.12.09"]
[Round "2.38"]
[White "Caruana, Fabiano"]
[Black "So, Wesley"]
[Result "0-1"]
[WhiteTitle "GM"]
[BlackTitle "GM"]
[WhiteElo "2791"]
[BlackElo "2772"]
[WhiteFideId "2020009"]
[BlackFideId "5202213"]
[EventDate "2021.11.08"]
[EventType "k.o."]

1. e4 e6 2. d4 Ke7 3. Nf3 Ke8 4. c4 d6 5. Nc3 g6 6. d5 Bg7 7. Bd3 Ne7 8. h4 h6
9. O-O a5 10. Be3 e5 11. c5 f5 12. cxd6 cxd6 13. Nb5 Na6 14. Rc1 f4 15. Bd2 Kf7
16. Qa4 b6 17. Qa3 Nc5 18. b4 Nxd3 19. Qxd3 Bf6 20. Rc6 Nxc6 21. dxc6 Kg7 22.
bxa5 bxa5 23. Rc1 Be6 24. a4 d5 25. c7 Qd7 26. Bc3 d4 27. Bd2 Rhc8 28. Rc5 Qe7
29. Qc2 Bd7 30. h5 g5 31. Ne1 g4 32. Nd3 Ra6 33. Qc4 Be6 34. Qc2 Bd7 35. Bc1 Rb6
36. Ba3 Bxb5 37. axb5 Rb7 38. b6 Rxb6 39. Rb5 Qe6 40. Rxa5 Qb3 41. Qc5 Qxd3 42.
Qxb6 Qd1+ 43. Kh2 g3+ 44. fxg3 Qxh5+ 45. Kg1 fxg3 46. Qb3 Qh2+ 47. Kf1 Rxc7 48.
Rc5 Qh1+ 49. Ke2 Qxg2+ 0-1

[Event "chess.com Speed 2021"]
[Site "chess.com INT"]
[Date "2021.12.09"]
[Round "2.39"]
[White "So, Wesley"]
[Black "Caruana, Fabiano"]
[Result "0-1"]
[WhiteTitle "GM"]
[BlackTitle "GM"]
[WhiteElo "2772"]
[BlackElo "2791"]
[WhiteFideId "5202213"]
[BlackFideId "2020009"]
[EventDate "2021.11.08"]
[EventType "k.o."]

1. e4 e5 2. Ke2 Nc6 3. Nf3 Nf6 4. d3 d5 5. Nbd2 Bc5 6. h3 O-O 7. c3 Nh5 8. g3
Be6 9. exd5 Bxd5 10. Ne4 Bb6 11. g4 f5 12. gxf5 Rxf5 13. Qc2 Qd7 14. Bg2 Raf8
15. Rf1 Qf7 16. Neg5 Qe7 17. Ne4 Nd8 18. Bh1 Ne6 19. Ng3 Nxg3+ 20. fxg3 e4 21.
dxe4 Nc5 22. Be3 Nxe4 23. Bxb6 Nxg3+ 24. Kd2 Nxf1+ 25. Rxf1 axb6 26. Qd3 Be4 27.
Qe3 Qd6+ 28. Ke2 Bc6 29. Qd4 Qxd4 30. cxd4 Bb5+ 0-1

[Event "chess.com Speed 2021"]
[Site "chess.com INT"]
[Date "2021.12.13"]
[Round "3.11"]
[White "So, Wesley"]
[Black "Nihal, Sarin"]
[Result "1-0"]
[WhiteTitle "GM"]
[BlackTitle "GM"]
[WhiteElo "2772"]
[BlackElo "2650"]
[WhiteFideId "5202213"]
[BlackFideId "25092340"]
[EventDate "2021.11.08"]
[EventType "k.o."]

1. e4 Nf6 2. e5 Nd5 3. d4 d6 4. Nf3 dxe5 5. Nxe5 g6 6. Bc4 Bg7 7. Nxf7 Kxf7 8.
Qf3+ Ke6 9. Qe4+ Kf6 10. Bxd5 e6 11. Bxb7 Bxb7 12. Qxb7 Nd7 13. O-O Kf7 14. Rd1
Rf8 15. Qc6 Nb6 16. Nc3 Qe7 17. Bf4 Rac8 18. Be5 Kg8 19. Bxg7 Kxg7 20. Qe4 Nc4
21. b3 Nd6 22. Qe5+ Kg8 23. Re1 Rce8 24. Re2 Rf5 25. Qe3 Qf7 26. Ne4 e5 27. Nxd6
cxd6 28. Rae1 Rf8 29. dxe5 Rxe5 30. Qg3 Rd5 31. h4 Qf5 32. c4 Rd4 33. Re8 Rd2
34. Rxf8+ Qxf8 35. a4 Rb2 36. Qe3 a5 37. Re2 Rb1+ 38. Kh2 Qf6 39. g3 Kg7 40.
Qa7+ Kh6 41. Qe3+ Kg7 42. Qe7+ Qxe7 43. Rxe7+ Kf6 44. Rxh7 Rxb3 45. Ra7 Rb4 46.
Rxa5 Rxc4 47. Ra8 d5 48. a5 Rc7 49. a6 Ke5 50. a7 Kd4 51. Kg2 Rd7 52. Rg8 Rxa7
53. Rxg6 Kd3 54. h5 d4 55. Rd6 Ke4 56. g4 d3 57. h6 Kf4 58. Kh3 Rh7 59. Rd4+ Kf3
60. Rxd3+ Kxf2 61. g5 1-0

[Event "chess.com Speed 2021"]
[Site "chess.com INT"]
[Date "2021.12.13"]
[Round "3.12"]
[White "Nihal, Sarin"]
[Black "So, Wesley"]
[Result "1-0"]
[WhiteTitle "GM"]
[BlackTitle "GM"]
[WhiteElo "2650"]
[BlackElo "2772"]
[WhiteFideId "25092340"]
[BlackFideId "5202213"]
[EventDate "2021.11.08"]
[EventType "k.o."]

1. Nf3 d5 2. g3 c5 3. Bg2 Nf6 4. O-O g6 5. Nc3 Bg7 6. d4 cxd4 7. Qxd4 Nc6 8. Qa4
O-O 9. Rd1 a6 10. Qh4 Qb6 11. Nxd5 Nxd5 12. Rxd5 Nb4 13. Be3 Qxe3 14. Ng5 h6 15.
fxe3 Nxd5 16. Bxd5 hxg5 17. Qxg5 e6 18. Be4 Bxb2 19. Rd1 Bg7 20. h4 1-0

[Event "chess.com Speed 2021"]
[Site "chess.com INT"]
[Date "2021.12.13"]
[Round "3.13"]
[White "So, Wesley"]
[Black "Nihal, Sarin"]
[Result "1-0"]
[WhiteTitle "GM"]
[BlackTitle "GM"]
[WhiteElo "2772"]
[BlackElo "2650"]
[WhiteFideId "5202213"]
[BlackFideId "25092340"]
[EventDate "2021.11.08"]
[EventType "k.o."]

1. e4 e6 2. d4 d5 3. Nc3 Bb4 4. e5 c5 5. a3 Bxc3+ 6. bxc3 Qc7 7. Nf3 Ne7 8. h4
h6 9. a4 b6 10. Bb5+ Bd7 11. Bd3 Nbc6 12. O-O cxd4 13. cxd4 Nb4 14. Ba3 Nxd3 15.
cxd3 Qd8 16. h5 O-O 17. g4 Re8 18. Kh2 Nc6 19. Qd2 f6 20. Kg3 Kh7 21. Qe3 Rg8
22. Nh4 Rc8 23. f4 Na5 24. Bb4 Rc2 25. Rac1 Rb2 26. Rb1 Rxb1 27. Rxb1 Bxa4 28.
Bxa5 bxa5 29. exf6 Qxf6 30. Ra1 Bb5 31. Rxa5 a6 32. Ra1 Rc8 33. g5 hxg5 34. fxg5
Qe7 35. Nf3 Rf8 36. Rc1 Rf5 37. g6+ Kg8 38. Rc8+ Be8 39. h6 Rf8 40. h7+ Kh8 41.
Ne5 Qf6 42. Rxe8 1-0

[Event "chess.com Speed 2021"]
[Site "chess.com INT"]
[Date "2021.12.13"]
[Round "3.14"]
[White "Nihal, Sarin"]
[Black "So, Wesley"]
[Result "1/2-1/2"]
[WhiteTitle "GM"]
[BlackTitle "GM"]
[WhiteElo "2650"]
[BlackElo "2772"]
[WhiteFideId "25092340"]
[BlackFideId "5202213"]
[EventDate "2021.11.08"]
[EventType "k.o."]

1. Nf3 d5 2. g3 g6 3. Bg2 Bg7 4. d4 Nf6 5. O-O O-O 6. c3 Nbd7 7. Bf4 c5 8. Ne5
Qb6 9. Qb3 e6 10. Nxd7 Nxd7 11. Rd1 cxd4 12. Qxb6 Nxb6 13. cxd4 Bd7 14. Nc3 Rfc8
15. Rac1 Na4 16. Nxa4 Bxa4 17. b3 Bb5 18. e3 Bf8 19. e4 Bc6 20. exd5 Bxd5 21.
Bxd5 exd5 22. Rxc8 Rxc8 23. Rc1 Rxc1+ 24. Bxc1 f5 25. Kf1 Kf7 26. Ke2 Ke6 27.
Bf4 a6 28. a4 Be7 29. Kd3 g5 30. Bd2 g4 31. Ke2 Bf6 32. Be3 h5 33. Kd3 h4 34.
Bd2 Be7 35. Be3 Bd6 36. Bf4 Be7 37. Bd2 Kf6 38. Ke2 Kg6 39. f4 Bf6 40. Be3 Kf7
41. Kd3 Ke6 42. Bd2 Kd6 43. Be1 h3 44. Bd2 Kc6 45. Be1 b5 46. Bd2 Bd8 47. Be1
Be7 48. Bd2 Kb6 49. a5+ Kc6 50. b4 Bd6 51. Be1 Be7 52. Bd2 Bd6 53. Be1 Be7 54.
Bd2 1/2-1/2

[Event "chess.com Speed 2021"]
[Site "chess.com INT"]
[Date "2021.12.13"]
[Round "3.15"]
[White "So, Wesley"]
[Black "Nihal, Sarin"]
[Result "1/2-1/2"]
[WhiteTitle "GM"]
[BlackTitle "GM"]
[WhiteElo "2772"]
[BlackElo "2650"]
[WhiteFideId "5202213"]
[BlackFideId "25092340"]
[EventDate "2021.11.08"]
[EventType "k.o."]

1. e4 c5 2. Nf3 b6 3. d4 cxd4 4. Nxd4 Bb7 5. Nc3 Nc6 6. Be3 Nf6 7. Nxc6 Bxc6 8.
e5 Ne4 9. Nxe4 Bxe4 10. f3 Bc6 11. Qd2 e6 12. O-O-O b5 13. Kb1 a5 14. Qf2 Qb8
15. f4 Qb7 16. Rg1 a4 17. g4 Rc8 18. Bg2 h5 19. g5 g6 20. Rd3 Be7 21. Bxc6 Qxc6
22. Rgd1 Rc7 23. c3 a3 24. b3 O-O 25. Bb6 Rb7 26. Bd4 Rc8 27. Qf3 Qa6 28. Bf2
Rbc7 29. h4 Bf8 30. Be1 Rd8 31. Bf2 Rdc8 32. Bd4 Bc5 33. Bxc5 Rxc5 34. Rd6 R5c6
35. Rxc6 Rxc6 36. Rxd7 Qc8 37. Rd3 Kg7 38. Kc2 Qc7 39. Qe4 Qb6 40. Qd4 Qc7 41.
Qb4 Qb6 42. Qd4 Qc7 43. Kd2 Qb7 44. Qd8 Rc7 45. Qf6+ Kh7 46. Rd8 Qg2+ 47. Ke1
Qg1+ 48. Ke2 Qg2+ 49. Ke1 Qg1+ 50. Ke2 Qg2+ 51. Ke1 1/2-1/2

[Event "chess.com Speed 2021"]
[Site "chess.com INT"]
[Date "2021.12.13"]
[Round "3.16"]
[White "Nihal, Sarin"]
[Black "So, Wesley"]
[Result "1/2-1/2"]
[WhiteTitle "GM"]
[BlackTitle "GM"]
[WhiteElo "2650"]
[BlackElo "2772"]
[WhiteFideId "25092340"]
[BlackFideId "5202213"]
[EventDate "2021.11.08"]
[EventType "k.o."]

1. e4 e5 2. Nf3 Nc6 3. Bb5 Nf6 4. d3 Bc5 5. Bxc6 dxc6 6. Nbd2 O-O 7. Nc4 Re8 8.
O-O Nd7 9. c3 Bf8 10. Re1 f6 11. d4 exd4 12. cxd4 Nb6 13. Na5 Rb8 14. h3 h6 15.
Bf4 f5 16. exf5 Rxe1+ 17. Qxe1 Bxf5 18. Qe5 Qd5 19. Qxc7 Rc8 20. Qe5 Be4 21.
Nxb7 Bxf3 22. gxf3 Qd7 23. Nc5 Bxc5 24. dxc5 Nd5 25. Kg2 Re8 26. Qd6 Qf5 27. Bg3
Re6 28. Qb8+ Kh7 29. Rg1 Rg6 30. Kh2 Qxf3 31. Qxa7 Nf4 32. Qa3 Rxg3 33. Rxg3
Qxf2+ 34. Kh1 Qe1+ 35. Kh2 Qd2+ 36. Kh1 Qe1+ 37. Kh2 Qe2+ 38. Kh1 Qd1+ 39. Kh2
Qc2+ 40. Kh1 Qd1+ 41. Kh2 Qe2+ 42. Kh1 Qe1+ 1/2-1/2

[Event "chess.com Speed 2021"]
[Site "chess.com INT"]
[Date "2021.12.13"]
[Round "3.17"]
[White "So, Wesley"]
[Black "Nihal, Sarin"]
[Result "1/2-1/2"]
[WhiteTitle "GM"]
[BlackTitle "GM"]
[WhiteElo "2772"]
[BlackElo "2650"]
[WhiteFideId "5202213"]
[BlackFideId "25092340"]
[EventDate "2021.11.08"]
[EventType "k.o."]

1. e4 Nf6 2. e5 Nd5 3. d4 d6 4. Nf3 dxe5 5. Nxe5 c6 6. Be2 g6 7. O-O Bg7 8. c4
Nc7 9. Be3 O-O 10. Nc3 c5 11. Nf3 cxd4 12. Nxd4 Nc6 13. Nxc6 bxc6 14. Qxd8 Rxd8
15. Rad1 Bf5 16. Rxd8+ Rxd8 17. Rc1 Ne6 18. g4 Bd3 19. Kf1 Bxe2+ 20. Kxe2 Nd4+
21. Kf1 Nf3 22. Ke2 Nd4+ 23. Kf1 Nf3 24. Ke2 Nd4+ 1/2-1/2

[Event "chess.com Speed 2021"]
[Site "chess.com INT"]
[Date "2021.12.13"]
[Round "3.18"]
[White "Nihal, Sarin"]
[Black "So, Wesley"]
[Result "0-1"]
[WhiteTitle "GM"]
[BlackTitle "GM"]
[WhiteElo "2650"]
[BlackElo "2772"]
[WhiteFideId "25092340"]
[BlackFideId "5202213"]
[EventDate "2021.11.08"]
[EventType "k.o."]

1. d4 Nf6 2. Nf3 d5 3. Bf4 c5 4. e3 Nc6 5. Nbd2 e6 6. c3 cxd4 7. exd4 Nh5 8. Be3
Bd6 9. Ne5 g6 10. Nd3 O-O 11. g3 b6 12. Be2 Ng7 13. O-O f6 14. Re1 Nf5 15. Bf3
Nxe3 16. Rxe3 Bd7 17. Qb3 Kg7 18. Rae1 Re8 19. Bg2 Re7 20. Qd1 Qc7 21. Nf1 Rae8
22. R3e2 Na5 23. Ne3 Nc4 24. Bf3 Bc6 25. Bg2 Nxe3 26. Rxe3 e5 27. dxe5 fxe5 28.
R3e2 a5 29. Nc1 Bb5 30. Rc2 e4 31. Qxd5 Bc5 32. Nb3 e3 33. f4 Rd8 34. Qf3 Rd2
35. Rcc1 Rf2 36. Qd5 Rd2 37. Qf3 Bc4 38. Nxc5 Qxc5 39. b3 Bd5 0-1

[Event "chess.com Speed 2021"]
[Site "chess.com INT"]
[Date "2021.12.13"]
[Round "3.19"]
[White "So, Wesley"]
[Black "Nihal, Sarin"]
[Result "0-1"]
[WhiteTitle "GM"]
[BlackTitle "GM"]
[WhiteElo "2772"]
[BlackElo "2650"]
[WhiteFideId "5202213"]
[BlackFideId "25092340"]
[EventDate "2021.11.08"]
[EventType "k.o."]

1. e4 e5 2. Nf3 Nc6 3. Bc4 Bc5 4. O-O Nf6 5. d3 O-O 6. Re1 Ng4 7. Re2 Kh8 8. h3
f5 9. Bg5 Nf6 10. Nc3 d6 11. Nd5 fxe4 12. dxe4 Be6 13. Nxf6 gxf6 14. Bxe6 fxg5
15. Bg4 Qf6 16. c3 Qg6 17. b4 Bb6 18. Bf5 Qg7 19. Qd2 Ne7 20. Bg4 h6 21. g3 Rf6
22. Kg2 Raf8 23. Bh5 g4 24. Bxg4 Qf7 25. Rf1 h5 26. Ng5 Qg6 27. Bd7 h4 28. gxh4
Qh5 29. Bg4 Qxh4 30. f4 Rxf4 31. Rxf4 Rxf4 32. Nf3 Rxg4+ 33. hxg4 Qxg4+ 34. Kh2
Qxf3 35. Qh6+ Kg8 36. Rg2+ Kf7 37. Rg7+ Ke8 38. Qe6 Qf8 39. Rh7 Be3 40. Kg2 Qf2+
41. Kh3 Qf1+ 42. Kg3 Bf4+ 43. Kh4 Qf2+ 0-1

[Event "chess.com Speed 2021"]
[Site "chess.com INT"]
[Date "2021.12.13"]
[Round "3.110"]
[White "Nihal, Sarin"]
[Black "So, Wesley"]
[Result "1-0"]
[WhiteTitle "GM"]
[BlackTitle "GM"]
[WhiteElo "2650"]
[BlackElo "2772"]
[WhiteFideId "25092340"]
[BlackFideId "5202213"]
[EventDate "2021.11.08"]
[EventType "k.o."]

1. d4 Nf6 2. c4 e6 3. Nc3 Bb4 4. e3 O-O 5. Bd2 d5 6. Nf3 b6 7. cxd5 exd5 8. Rc1
Re8 9. Bd3 Bf8 10. O-O Bb7 11. a3 c5 12. dxc5 bxc5 13. Re1 Nc6 14. Qa4 Ne5 15.
Nxe5 Rxe5 16. Ne2 Ne4 17. Ba5 Qh4 18. Ng3 h5 19. Red1 Be7 20. Bxe4 dxe4 21. Qb5
Bd5 22. Rxd5 Rxd5 23. Qb7 Rad8 24. Bxd8 Rxd8 25. Nf5 Qg4 26. Nxe7+ Kf8 27. Nd5 1-0

[Event "chess.com Speed 2021"]
[Site "chess.com INT"]
[Date "2021.12.13"]
[Round "3.21"]
[White "So, Wesley"]
[Black "Nihal, Sarin"]
[Result "0-1"]
[WhiteTitle "GM"]
[BlackTitle "GM"]
[WhiteElo "2772"]
[BlackElo "2650"]
[WhiteFideId "5202213"]
[BlackFideId "25092340"]
[EventDate "2021.11.08"]
[EventType "k.o."]

1. e4 e5 2. Nf3 Nc6 3. Bc4 Bc5 4. O-O Nf6 5. d3 O-O 6. h3 d6 7. c3 a6 8. Re1 Ba7
9. Bb3 Ne7 10. Nbd2 Ng6 11. Nf1 Re8 12. Ng3 h6 13. d4 b5 14. a4 Bb7 15. Bc2 Bb6
16. Bd3 Qd7 17. axb5 axb5 18. Rxa8 Bxa8 19. Qb3 c6 20. Be3 Qc7 21. Ra1 Bb7 22.
Qc2 Bc8 23. b4 Bd7 24. Ra6 Rb8 25. Qd2 Bc8 26. Ra3 Qe7 27. Qa2 Be6 28. Qa1 Qd8
29. Ra6 Bc8 30. Ra3 Be6 31. Kh2 Bc7 32. Ra6 Bd7 33. Kg1 Qc8 34. Bc2 Qd8 35. Bb3
Qc8 36. Qa2 Qe8 37. dxe5 Nxe5 38. Nxe5 dxe5 39. Bc5 Rc8 40. Ra7 g6 41. f3 Kg7
42. Kh2 h5 43. Nf1 Bd8 44. Ne3 Be7 45. Bxe7 Qxe7 46. Qd2 Rd8 47. Qa2 Qe8 48. h4
Qe7 49. Kg3 Ne8 50. Qd2 Nd6 51. Qf2 Qf6 52. Kh2 Nxe4 53. Qe1 Nd6 54. Qg3 Nf5 55.
Nxf5+ Qxf5 56. Qg5 Qxg5 57. hxg5 Kf8 58. Bc2 Ke7 59. Be4 Kd6 60. Ra6 Rc8 61. Kg3
Be6 62. f4 Bd5 63. Bxd5 Kxd5 64. Ra7 exf4+ 65. Kxf4 Kc4 66. Rxf7 Kxc3 67. Rg7
Kxb4 68. Rxg6 c5 69. Rf6 c4 70. g6 c3 71. Kg5 c2 0-1

[Event "chess.com Speed 2021"]
[Site "chess.com INT"]
[Date "2021.12.13"]
[Round "3.22"]
[White "Nihal, Sarin"]
[Black "So, Wesley"]
[Result "0-1"]
[WhiteTitle "GM"]
[BlackTitle "GM"]
[WhiteElo "2650"]
[BlackElo "2772"]
[WhiteFideId "25092340"]
[BlackFideId "5202213"]
[EventDate "2021.11.08"]
[EventType "k.o."]

1. d4 Nf6 2. Nf3 d5 3. c4 e6 4. Nc3 Bb4 5. Bg5 h6 6. Bxf6 Qxf6 7. e3 O-O 8. Rc1
dxc4 9. Bxc4 c5 10. O-O cxd4 11. Ne4 Qe7 12. a3 Ba5 13. Qxd4 Bd7 14. Qe5 Bb6 15.
Rfd1 Bc6 16. Nd4 Bc7 17. Nf5 Bxe5 18. Nxe7+ Kh7 19. Nxc6 Nxc6 20. Rc2 Rfd8 21.
Rxd8 Rxd8 22. f4 Bc7 23. Kf2 Bb6 24. Ke2 Ne7 25. Nc5 Bxc5 26. Bd3+ Rxd3 27. Kxd3
Bb6 28. e4 Kg8 29. b4 Kf8 30. a4 Ke8 31. a5 Bd8 32. Kc4 a6 33. g3 Nc6 34. b5
Nxa5+ 35. Kb4 axb5 36. Kxb5 Nc6 37. Kc5 Kd7 38. Ra2 Kc7 39. e5 g5 40. Kb5 g4 41.
h3 h5 42. hxg4 hxg4 43. Rh2 Nd4+ 44. Kc4 Nf5 45. Rh7 Nxg3 46. Rxf7+ Kc6 47. Rg7
b5+ 48. Kd3 Nf5 49. Rxg4 Be7 50. Ke4 b4 51. Rg6 Kd7 52. Kd3 Bf8 53. Rf6 Bh6 54.
Rf7+ Kc6 55. Ke4 b3 56. Kd3 Bxf4 57. Kc3 Bxe5+ 58. Kxb3 Kd5 59. Kc2 Ke4 60. Ra7
Nd4+ 61. Kd2 Bf4+ 62. Ke1 e5 63. Kd1 Kf3 64. Ra3+ Be3 65. Ra8 e4 66. Rf8+ Bf4
67. Rd8 Nf5 68. Ke1 e3 69. Rd3 Bg3+ 70. Kf1 Bf2 71. Rxe3+ Nxe3# 0-1

[Event "chess.com Speed 2021"]
[Site "chess.com INT"]
[Date "2021.12.13"]
[Round "3.23"]
[White "So, Wesley"]
[Black "Nihal, Sarin"]
[Result "1-0"]
[WhiteTitle "GM"]
[BlackTitle "GM"]
[WhiteElo "2772"]
[BlackElo "2650"]
[WhiteFideId "5202213"]
[BlackFideId "25092340"]
[EventDate "2021.11.08"]
[EventType "k.o."]

1. e4 e5 2. Nf3 Nc6 3. Bc4 Bc5 4. O-O Nf6 5. d3 O-O 6. h3 d6 7. c3 a6 8. Re1 Ba7
9. a4 Ne7 10. Nbd2 Ng6 11. Nf1 h6 12. Ng3 Re8 13. Bb3 Be6 14. Bc2 d5 15. d4 exd4
16. e5 Ne4 17. cxd4 Nxg3 18. fxg3 c5 19. Be3 cxd4 20. Bxd4 Ne7 21. Bxa7 Rxa7 22.
g4 Qb6+ 23. Kh2 Qxb2 24. Qd3 Ng6 25. Reb1 1-0

[Event "chess.com Speed 2021"]
[Site "chess.com INT"]
[Date "2021.12.13"]
[Round "3.24"]
[White "Nihal, Sarin"]
[Black "So, Wesley"]
[Result "0-1"]
[WhiteTitle "GM"]
[BlackTitle "GM"]
[WhiteElo "2650"]
[BlackElo "2772"]
[WhiteFideId "25092340"]
[BlackFideId "5202213"]
[EventDate "2021.11.08"]
[EventType "k.o."]

1. d4 Nf6 2. c4 e6 3. Nf3 d5 4. Nc3 c5 5. e3 dxc4 6. Bxc4 a6 7. O-O b5 8. Be2
Bb7 9. a4 b4 10. Nb1 Nc6 11. dxc5 Bxc5 12. Nbd2 Na5 13. Nc4 Qxd1 14. Rxd1 Nb3
15. Rb1 Be4 16. Bd3 O-O-O 17. Nfe5 Rxd3 18. Rxd3 Rd8 0-1

[Event "chess.com Speed 2021"]
[Site "chess.com INT"]
[Date "2021.12.13"]
[Round "3.25"]
[White "So, Wesley"]
[Black "Nihal, Sarin"]
[Result "1/2-1/2"]
[WhiteTitle "GM"]
[BlackTitle "GM"]
[WhiteElo "2772"]
[BlackElo "2650"]
[WhiteFideId "5202213"]
[BlackFideId "25092340"]
[EventDate "2021.11.08"]
[EventType "k.o."]

1. d4 Nf6 2. c4 e6 3. Nc3 Bb4 4. Qc2 d5 5. a3 Bxc3+ 6. Qxc3 O-O 7. Bg5 h6 8.
Bxf6 Qxf6 9. Nf3 c6 10. g3 b6 11. Bg2 Ba6 12. Ne5 Rc8 13. O-O Qe7 14. Rfc1 Nd7
15. cxd5 cxd5 16. Nc6 Qd6 17. e4 dxe4 18. Bxe4 Nf6 19. Qf3 Bb7 20. Ne7+ Qxe7 21.
Bxb7 Rxc1+ 22. Rxc1 Rd8 23. Rc8 g5 24. Kg2 Kg7 25. Rxd8 Qxd8 26. Qc3 Qd6 27. h3
Qd7 28. Bf3 Qd6 29. b4 Nd5 30. Qc8 Nf6 31. Qc3 Nd5 32. Qc8 Nf6 33. Qc3 1/2-1/2

[Event "chess.com Speed 2021"]
[Site "chess.com INT"]
[Date "2021.12.13"]
[Round "3.26"]
[White "Nihal, Sarin"]
[Black "So, Wesley"]
[Result "1/2-1/2"]
[WhiteTitle "GM"]
[BlackTitle "GM"]
[WhiteElo "2650"]
[BlackElo "2772"]
[WhiteFideId "25092340"]
[BlackFideId "5202213"]
[EventDate "2021.11.08"]
[EventType "k.o."]

1. d4 Nf6 2. Nf3 d5 3. g3 c5 4. Bg2 cxd4 5. O-O h6 6. b3 g6 7. Bb2 Bg7 8. Nxd4
O-O 9. Nd2 e5 10. N4f3 e4 11. Nd4 e3 12. fxe3 Ng4 13. Rf3 Qe7 14. Nf1 Nd7 15. h3
Nge5 16. Rf2 Nf6 17. a4 Re8 18. Nd2 Bd7 19. Ba3 Qd8 20. Bb2 Qe7 21. Ba3 Qd8 22.
Bb2 Qe7 1/2-1/2

[Event "chess.com Speed 2021"]
[Site "chess.com INT"]
[Date "2021.12.13"]
[Round "3.27"]
[White "So, Wesley"]
[Black "Nihal, Sarin"]
[Result "1/2-1/2"]
[WhiteTitle "GM"]
[BlackTitle "GM"]
[WhiteElo "2772"]
[BlackElo "2650"]
[WhiteFideId "5202213"]
[BlackFideId "25092340"]
[EventDate "2021.11.08"]
[EventType "k.o."]

1. e4 e5 2. Nf3 Nc6 3. Bb5 d6 4. O-O Bd7 5. Re1 Nf6 6. d4 exd4 7. Nxd4 Be7 8.
Nc3 O-O 9. Bxc6 bxc6 10. Qf3 c5 11. Nf5 Bxf5 12. Qxf5 Re8 13. b3 Bf8 14. Bg5 Be7
15. e5 dxe5 16. Rad1 Qc8 17. Qxc8 Raxc8 18. Rxe5 c4 19. Rde1 Kf8 20. Kf1 h6 21.
Bxf6 Bxf6 22. Rxe8+ Rxe8 23. Rxe8+ Kxe8 24. Ne4 Be7 25. bxc4 f5 26. Nd2 Kd7 27.
Ke2 Ke6 28. Kd3 c5 29. Nf1 g5 30. Ne3 Bd6 31. h3 h5 32. f3 h4 33. Nd5 Ke5 34.
Ke3 Ke6 35. f4 g4 36. Nc3 a6 37. Nd1 gxh3 38. gxh3 Be7 39. Nf2 Bd6 40. Nd3 Kf6
41. Ne1 Ke6 42. Nf3 Be7 43. Kd3 Kd6 44. Kc3 Bf6+ 45. Kb3 Kc6 46. Ka4 Kb6 47. Ne1
Bd4 48. Ng2 Bf2 49. Kb3 Ka5 50. Ka3 Kb6 51. Ka4 Kb7 52. Ka5 Ka7 53. c3 Kb7 54.
Ka4 Kb6 55. Kb3 Ka5 56. Ka3 Kb6 57. Kb2 Ka5 58. Kb3 Kb6 59. Ka4 Kb7 60. Ka5 Ka7
61. Ka4 Kb6 62. Kb3 Ka5 63. a4 Kb6 64. Ka3 Ka5 65. Kb3 Kb6 66. Ka3 Ka5 67. Kb3 1/2-1/2

[Event "chess.com Speed 2021"]
[Site "chess.com INT"]
[Date "2021.12.13"]
[Round "3.28"]
[White "Nihal, Sarin"]
[Black "So, Wesley"]
[Result "1-0"]
[WhiteTitle "GM"]
[BlackTitle "GM"]
[WhiteElo "2650"]
[BlackElo "2772"]
[WhiteFideId "25092340"]
[BlackFideId "5202213"]
[EventDate "2021.11.08"]
[EventType "k.o."]

1. b3 e5 2. Bb2 Nc6 3. c4 Nf6 4. Nf3 e4 5. Nd4 Bc5 6. Nf5 O-O 7. e3 d5 8. cxd5
Nb4 9. Ng3 Re8 10. a3 Nbxd5 11. Nc3 Nxc3 12. Bxc3 Qe7 13. Bc4 Bd6 14. f4 exf3
15. Qxf3 Be5 16. Bxe5 Qxe5 17. O-O Re7 18. Rae1 c5 19. h3 Rb8 20. a4 b6 21. Qf2
Be6 22. d4 cxd4 23. exd4 Qd6 24. Kh1 Rd8 25. Bxe6 fxe6 26. Ne4 Qxd4 27. Qxd4
Rxd4 28. Nxf6+ gxf6 29. Rxf6 e5 30. Re3 e4 31. Rf4 Rd3 32. Rxd3 exd3 33. Rd4 Re3
34. Kg1 d2 35. Rxd2 Rxb3 36. Rd8+ Kg7 37. Rd7+ Kg6 38. Rxa7 Rb2 39. Rb7 Rb4 40.
Ra7 Rb2 41. Kh2 Rb3 42. Rb7 Rb4 43. Ra7 Rb3 44. Ra6 h5 45. a5 Kg5 46. Rxb6 Ra3
47. Rb5+ Kg6 48. h4 Ra4 49. Rg5+ Kh6 50. g3 1-0

[Event "chess.com Speed 2021"]
[Site "chess.com INT"]
[Date "2021.12.13"]
[Round "3.29"]
[White "So, Wesley"]
[Black "Nihal, Sarin"]
[Result "1-0"]
[WhiteTitle "GM"]
[BlackTitle "GM"]
[WhiteElo "2772"]
[BlackElo "2650"]
[WhiteFideId "5202213"]
[BlackFideId "25092340"]
[EventDate "2021.11.08"]
[EventType "k.o."]

1. e4 e5 2. Nf3 Nc6 3. Bb5 a6 4. Ba4 Nf6 5. O-O Be7 6. Re1 b5 7. Bb3 O-O 8. a4
Bb7 9. d3 d6 10. h3 Rb8 11. axb5 axb5 12. Nc3 Bc8 13. Bd2 h6 14. Ne2 Be6 15.
Bxe6 fxe6 16. Ng3 Qd7 17. c3 b4 18. Ra6 bxc3 19. bxc3 Ra8 20. Qa4 Rxa6 21. Qxa6
Rb8 22. Ra1 d5 23. Be3 Rb3 24. Rc1 Kh7 25. Qa4 Ra3 26. Qc2 Kg8 27. d4 exd4 28.
cxd4 Nb4 29. Qxc7 Qxc7 30. Rxc7 dxe4 31. Rxe7 exf3 32. Rxe6 fxg2 33. Kxg2 Nbd5
34. Re5 Kf7 35. h4 Ra5 36. Kf3 Ra7 37. Ne4 Nxe4 38. Kxe4 Nf6+ 39. Kf3 Rd7 40.
Rc5 Nd5 41. Ke4 Nf6+ 42. Kd3 Ke6 43. Bf4 Nd5 44. Be5 g5 45. hxg5 hxg5 46. Ke4
Ne7 47. Ra5 Kf7 48. Ra6 Nd5 49. Kf5 Nb4 50. Rf6+ Ke7 51. Kxg5 Nd3 52. f4 Rd5 53.
Kf5 Ra5 54. Rh6 Kd7 55. Rh7+ Kc6 56. Ke6 Ra2 57. f5 Re2 58. Rc7+ Kb6 59. Rc3
Nf4+ 60. Kd6 Nh5 61. f6 Rf2 62. Ke7 Kb5 63. f7 1-0

[Event "chess.com Speed 2021"]
[Site "chess.com INT"]
[Date "2021.12.13"]
[Round "3.210"]
[White "Nihal, Sarin"]
[Black "So, Wesley"]
[Result "1-0"]
[WhiteTitle "GM"]
[BlackTitle "GM"]
[WhiteElo "2650"]
[BlackElo "2772"]
[WhiteFideId "25092340"]
[BlackFideId "5202213"]
[EventDate "2021.11.08"]
[EventType "k.o."]

1. d4 Nf6 2. Nf3 d5 3. c4 e6 4. g3 Be7 5. Bg2 O-O 6. O-O dxc4 7. Qc2 a6 8. Qxc4
b5 9. Qc2 Bb7 10. Bd2 Be4 11. Qc1 c6 12. a4 Nbd7 13. Nc3 Bg6 14. Nh4 Rc8 15.
Nxg6 hxg6 16. Rd1 Qb6 17. Bg5 Rfe8 18. axb5 axb5 19. h4 b4 20. Ne4 Nxe4 21. Bxe4
Nf6 22. Bf3 c5 23. Qc4 cxd4 24. Ra6 Rxc4 25. Rxb6 Rd8 26. Rb7 Bc5 27. Rc7 d3 28.
Be3 dxe2 29. Rxd8+ Bf8 30. Rxc4 e1=Q+ 31. Kg2 Nh7 32. Rd1 1-0